000
00229nam a22001097a 4500
082
_a
669.722 ALU'M
100
_a
HORN, KENT R. M
_9
80212
245
_a
ALUMINIUM
250
_a
VOL-1,2,3
260
_a
OHIO
_b
ASM
_c
1967
942
_c
BK
999
_c
585173
_d
585173